|
|
แสดงรายละเอียดบรรณานุกรม |
|
|
Brief Record
: Get Marc (ISO 2709)
: E-mail record
: |
|
|
| LEADER 00000nam 2200000uu 4500 | |||
| 001 206135 | |||
| 003 ULIBM | |||
| 008 110621s1999||||th 000 0 tha d | |||
| 020 978-0-8273-7869-8 | |||
| 060 0 WY 100.4 P476c 1999. | |||
| 100 0 ^aPesut, Daniel J. | |||
| 245 00 ^aClinical reasoning : the art & science of critical & creative thinking./^bDaniel J. Pesut, Jo Anne Herman. | |||
| 260 ^aAlbamy :^bDelmar,^c1999. | |||
| 300 ^a244 p. ;^bill. | |||
| 650 0 ^aClinical Protocols. | |||
| 650 0 ^aNursing Diagnosis. | |||
| 700 0 ^aHerman, Jo Anne. | |||
| 999 ^aใช้งานได้ทุกระบบ | |||
| คุณยังไม่ได้ล็อกอิน คุณสามารถมีกิจกรรมร่วมกับเว็บไซต์ได้ แต่ต้องล็อกอินก่อน :: |
|
| สถานะ | |||||||||
| 1. | หนังสือทั่วไป | WY 100.4 P476c 1999 | On Shelf ขอยืม | ||||||
| [แสดง 1/1 รายการ] | |||||||||
| รายการใกล้เคียง หัวเรื่อง [Nursing Diagnosis.]
|
BibComment |
| คอมเมนท์ทรัพยากรรายการนี้ |
|
|